Extreme Geography - Statistics

General Stats
  • This quiz has been taken 52 times
  • The average score is 19 of 25
Answer Stats
The worlds.... Answer % Correct
12) Largest country Russia
98%
9) smallest nation Vatican City
98%
6) Largest island Greenland
96%
3) Longest river Nile
96%
4) Largest non polar desert Sahara
94%
19) highest mountain Everest
92%
5) Largest city (population) Tokyo
92%
10) longest coastline Canada
90%
1) Southernmost capital Wellington
90%
13) Largest rainforest Amazon
88%
8) Tallest building Burj Khalifa
88%
21) Largest inland sea Caspian
86%
17) Deepest lake Baikal
82%
7) Largest island nation Indonesia
82%
14) Hottest recorded place Death Valley
80%
16) least populated continent (not Antarctica) Oceania
76%
20) highest capital city La Paz
73%
15) Largest port city Shanghai
71%
2) Coldest recorded capital Ulaanbaatar
71%
24) Largest mosque (city) Mecca
67%
18) lowest-lying nation (sea level) Maldives
63%
25) largest dam Three Gorges
35%
11) northernmost town (over 1k pop) Longyearbyen
31%
22) deepest point ever reached Challenger Deep
29%
23) Largest MCDonalds (city) Orlando
10%
No matching quizzes found
Score Distribution
Percent of People with Each Score
Percentile by Number Answered
Your Score History
You have not taken this quiz